000 01133pam a2200361 i 4500
999 _c2570
_d2570
001 020418138
003 UkOxU
005 20230720155313.0
008 140930s2015 enka 001|0 eng d
015 _aGBB4D0374
_2bnb
020 _a9781408527375
_qpaperback
035 _a(Uk)016946799
040 _aStDuBDS
_beng
_erda
_cStDuBDS
_dUkOxU
_dKH8
082 0 4 _a530 JOH
100 1 _aJohnson, Keith,
_d1938-
_eauthor.
245 1 0 _aAdvanced physics for you /
_cKeith Johnson, Simmone Hewett, Sue Holt, John Miller.
250 _aSecond edition.
264 1 _aOxford :
_bOxford University Press,
_c2015.
264 4 _c©2015
300 _a512 pages :
_billustraitons ;
_c28 cm
336 _atext
_2rdacontent
337 _aunmediated
_2rdamedia
338 _avolume
_2rdacarrier
500 _aIncludes index.
500 _aPrevious edition: 2000.
521 2 _aA-level.
650 0 _aPhysics
_xExaminations
_vStudy guides.
650 0 _aPhysics
_vProblems, exercises, etc.
700 1 _aHewett, Simmone,
_eauthor.
700 1 _aHolt, Sue,
_eauthor.
700 1 _aMiller, John
_c(Physics teacher),
_eauthor.
942 _2ddc
_cTR